[Event "Tabor op"]
[Site "Tabor"]
[Date "2005.08.??"]
[Round "?"]
[White "Gschwendtner, Stanislav"]
[Black "Kopal, Ivan"]
[Result "1/2-1/2"]
[WhiteElo "2165"]
[BlackElo "1921"]
[PlyCount "81"]
[EventDate "2005.07.30"]
[EventType "swiss"]
[EventRounds "9"]
[EventCountry "CZE"]
[SourceTitle "EXT 2006"]
[Source "ChessBase"]
[SourceDate "2005.11.24"]
[SourceVersion "1"]
[SourceVersionDate "2005.11.24"]
[SourceQuality "1"]

1. c4 e6 2. Nf3 d5 3. g3 c6 4. Bg2 dxc4 5. 0-0 Nf6 6. Ne5 Qd4 7. Nf3 Qd6 8. a4 Nbd7 9. Na3 Qb4 10. Nc2 Qc5 11. Nfd4 Be7 12. b4 cxb3 13. Nxb3 Qh5 14. d4 0-0 15. Bb2 e5 16. e4 Qxd1 17. Rfxd1 exd4 18. Bxd4 Re8 19. Ne3 Bd8 20. e5 Nd5 21. Nxd5 cxd5 22. Bxd5 Bb6 23. f4 Rb8 24. a5 Bxd4+ 25. Nxd4 Nf8 26. Nb5 Be6 27. Nd6 Red8 28. Rab1 Bxd5 29. Rxd5 b6 30. Rc1 Ne6 31. Rcd1 Kf8 32. axb6 Rxb6 33. Ra1 a6 34. Rda5 Nc7 35. Rc1 Nb5 36. Rca1 Nxd6 37. exd6 Rdxd6 38. R1a2 Ke7 39. Kg2 Kd7 40. Kf3 Rb3+ 41. Kg2 1/2-1/2

[Event "Plzen op-A"]
[Site "Plzen"]
[Date "2001.??.??"]
[Round "2"]
[White "Holemar, David"]
[Black "Kopal, Ivan"]
[Result "1-0"]
[WhiteElo "2265"]
[BlackElo "1890"]
[PlyCount "53"]
[EventDate "2001.??.??"]
[EventType "swiss"]
[EventRounds "9"]
[EventCountry "CZE"]
[SourceTitle "EXT 2003"]
[Source "ChessBase"]
[SourceDate "2002.11.25"]
[SourceVersion "1"]
[SourceVersionDate "2002.11.25"]
[SourceQuality "1"]

1. d4 d5 2. c4 c6 3. Nf3 Nf6 4. e3 g6 5. Nc3 Bg7 6. Bd3 0-0 7. 0-0 Bg4 8. h3 Bxf3 9. Qxf3 dxc4 10. Bxc4 Nbd7 11. Rd1 e5 12. d5 cxd5 13. Bxd5 e4 14. Bxe4 Nxe4 15. Qxe4 Bxc3 16. bxc3 Nc5 17. Qc2 Qc7 18. e4 Rfe8 19. f3 Rac8 20. Be3 f5 21. Rd5 Qe7 22. e5 b6 23. Rad1 Rc6 24. Qf2 Rec8 25. Qg3 Re6 26. Bxc5 Rxc5 27. Rd8+ 1-0

[Event "Plzen op-A"]
[Site "Plzen"]
[Date "2001.??.??"]
[Round "8"]
[White "Kopal, Ivan"]
[Black "Reitinger, Petr"]
[Result "0-1"]
[WhiteElo "1890"]
[BlackElo "2045"]
[PlyCount "45"]
[EventDate "2001.??.??"]
[EventType "swiss"]
[EventRounds "9"]
[EventCountry "CZE"]
[SourceTitle "EXT 2003"]
[Source "ChessBase"]
[SourceDate "2002.11.25"]
[SourceVersion "1"]
[SourceVersionDate "2002.11.25"]
[SourceQuality "1"]

1. e4 c5 2. Nf3 d6 3. Nc3 g6 4. d4 cxd4 5. Nxd4 Bg7 6. Bc4 Bd7 7. 0-0 Nc6 8. Be3 Nf6 9. f3 0-0 10. Nd5 Ne5 11. Be2 Nxd5 12. exd5 Qc7 13. c3 Nc4 14. Bxc4 Qxc4 15. Qb3 Qxb3 16. Nxb3 Rfc8 17. Rfe1 Kf8 18. Rad1 a5 19. Bd4 f6 20. Bf2 a4 21. Nd4 f5 22. Bh4 Bxd4+ 23. Rxd4 0-1

[Event "Plzen op-A"]
[Site "Plzen"]
[Date "2001.??.??"]
[Round "5"]
[White "Kopal, Ivan"]
[Black "Stanek, Stanislav"]
[Result "1/2-1/2"]
[WhiteElo "1890"]
[BlackElo "1930"]
[PlyCount "102"]
[EventDate "2001.??.??"]
[EventType "swiss"]
[EventRounds "9"]
[EventCountry "CZE"]
[SourceTitle "EXT 2003"]
[Source "ChessBase"]
[SourceDate "2002.11.25"]
[SourceVersion "1"]
[SourceVersionDate "2002.11.25"]
[SourceQuality "1"]

1. e4 d6 2. d4 e5 3. Nf3 Nc6 4. dxe5 Nxe5 5. Nxe5 dxe5 6. Qxd8+ Kxd8 7. Bc4 f6 8. Nc3 c6 9. Bd2 Bd6 10. 0-0-0 Ke7 11. Rhe1 Be6 12. Bxe6 Kxe6 13. Be3 b6 14. Rd3 Rd8 15. Red1 Ne7 16. Na4 Nc8 17. c4 Bc7 18. b4 Rxd3 19. Rxd3 Rd8 20. Kc2 g6 21. Rxd8 Bxd8 22. Kd3 f5 23. f3 Bh4 24. g3 fxe4+ 25. Kxe4 Bd8 26. Nb2 Nd6+ 27. Kd3 Bf6 28. Na4 Nc8 29. Nc3 Be7 30. c5 bxc5 31. bxc5 Bd8 32. Ne4 h5 33. Kc4 Bc7 34. Bd2 Ne7 35. Ng5+ Kd7 36. Kd3 Nd5 37. Ke4 Nf6+ 38. Kd3 Ke7 39. Bc3 Nd7 40. Kc4 Kf6 41. Bd2 Bd8 42. Ne4+ Ke6 43. Be3 Be7 44. Bg5 Bf8 45. Bd8 Nb8 46. Bc7 Na6 47. Bd6 Bxd6 48. Nxd6 Kd7 49. Nf7 Ke6 50. Nd8+ Kd7 51. Nf7 Ke6 1/2-1/2

[Event "Plzen op-A"]
[Site "Plzen"]
[Date "2001.??.??"]
[Round "3"]
[White "Kopal, Ivan"]
[Black "Sustr, Radek"]
[Result "0-1"]
[WhiteElo "1890"]
[BlackElo "1955"]
[PlyCount "52"]
[EventDate "2001.??.??"]
[EventType "swiss"]
[EventRounds "9"]
[EventCountry "CZE"]
[SourceTitle "EXT 2003"]
[Source "ChessBase"]
[SourceDate "2002.11.25"]
[SourceVersion "1"]
[SourceVersionDate "2002.11.25"]
[SourceQuality "1"]

1. d4 d5 2. Nf3 g6 3. Bf4 Bg7 4. Nc3 a6 5. Qd2 Nf6 6. Bh6 0-0 7. Bxg7 Kxg7 8. g3 b5 9. Bg2 Bb7 10. Ne5 e6 11. 0-0 Nbd7 12. f4 h5 13. h3 Rc8 14. b4 Qe7 15. a3 Rcd8 16. Rfe1 Qd6 17. Rad1 Ne4 18. Nxe4 dxe4 19. Qc3 Nb6 20. Qc5 Na4 21. Qxd6 cxd6 22. Nd3 Nc3 23. Rc1 exd3 24. cxd3 Bxg2 25. Kxg2 Rc8 26. Rc2 Nd5 0-1

[Event "Frymburk op-A"]
[Site "Frymburk"]
[Date "2000.??.??"]
[Round "1"]
[White "Kopal, Ivan"]
[Black "Kastner, Oldrich"]
[Result "1/2-1/2"]
[WhiteElo "1890"]
[BlackElo "2125"]
[PlyCount "93"]
[EventDate "2000.01.??"]
[EventType "swiss"]
[EventRounds "9"]
[EventCountry "CZE"]
[SourceTitle "EXT 2002"]
[Source "ChessBase"]
[SourceDate "2001.11.25"]
[SourceVersion "1"]
[SourceVersionDate "2001.11.25"]
[SourceQuality "1"]

1. e4 Nf6 2. Nc3 d5 3. e5 Nfd7 4. Nxd5 Nxe5 5. Nc3 c5 6. Nf3 Nbc6 7. Nxe5 Nxe5 8. Bb5+ Nc6 9. Bxc6+ bxc6 10. 0-0 Bf5 11. Qf3 Qd7 12. d3 e6 13. Ne4 Be7 14. b3 0-0 15. Bb2 Rab8 16. Qg3 f6 17. Bxf6 Bg6 18. Bxe7 Qxe7 19. Rfe1 Bxe4 20. Rxe4 Rbd8 21. Rae1 Rf6 22. Qe3 Kf7 23. Qh3 h6 24. Qh4 Rd5 25. Rf4 g5 26. Rxf6+ Qxf6 27. Qg3 Qf4 28. Qxf4+ gxf4 29. Re4 e5 30. Ra4 Ke6 31. Kf1 Rd7 32. Ke2 Kd5 33. Kf3 Rf7 34. Ke2 Rg7 35. g3 fxg3 36. fxg3 Rf7 37. g4 Ke6 38. Rc4 Kd5 39. h4 Rg7 40. Kf3 Rf7+ 41. Kg3 Rg7 42. Re4 Rf7 43. Re3 Rf1 44. Rf3 Rg1+ 45. Kh3 Rh1+ 46. Kg3 Rg1+ 47. Kh3 1/2-1/2

[Event "Frymburk op-A"]
[Site "Frymburk"]
[Date "2000.??.??"]
[Round "9"]
[White "Kopal, Ivan"]
[Black "Koubkova, Alena"]
[Result "0-1"]
[WhiteElo "1890"]
[BlackElo "2025"]
[PlyCount "120"]
[EventDate "2000.01.??"]
[EventType "swiss"]
[EventRounds "9"]
[EventCountry "CZE"]
[SourceTitle "EXT 2002"]
[Source "ChessBase"]
[SourceDate "2001.11.25"]
[SourceVersion "1"]
[SourceVersionDate "2001.11.25"]
[SourceQuality "1"]

1. e4 d5 2. exd5 Nf6 3. d4 Nxd5 4. c4 Nb6 5. Be2 g6 6. Nf3 Bg7 7. 0-0 0-0 8. Nc3 Bg4 9. h3 Bxf3 10. Bxf3 Nc6 11. c5 Nd7 12. Bf4 Nxd4 13. Bxb7 Rb8 14. c6 Nc5 15. Rb1 Nxb7 16. cxb7 Rxb7 17. Qa4 e5 18. Be3 Qb8 19. b3 Rd8 20. Kh1 Rb4 21. Qa6 Qb6 22. Qxb6 axb6 23. Rfd1 Bf6 24. Rbc1 Be7 25. Rd2 f5 26. g3 Kf7 27. Rb2 g5 28. Rcb1 Nb5 29. Ne2 f4 30. Bd2 Re4 31. Be1 Nd4 32. Nc3 Rxe1+ 33. Rxe1 Bb4 34. Rxe5 Bxc3 35. Rb1 Nf3 36. Re2 Rd2 37. Rxd2 Nxd2 38. Rc1 Be5 39. Rd1 Nf3 40. Rd7+ Kg6 41. Kg2 Nd4 42. Rd5 f3+ 43. Kf1 Kf6 44. Rd8 Ne6 45. Rd7 h5 46. Rh7 Ng7 47. Rh8 Bd6 48. Ke1 Kg6 49. Kd2 Bc5 50. Ke1 Nf5 51. Re8 h4 52. gxh4 Nxh4 53. Re4 Ng2+ 54. Kf1 Nf4 55. h4 Kf5 56. Rc4 gxh4 57. b4 h3 58. Kg1 Bxf2+ 59. Kh2 Be3 60. Rxc7 f2 0-1

[Event "Frymburk op-A"]
[Site "Frymburk"]
[Date "2000.??.??"]
[Round "2"]
[White "Lips, Frantisek"]
[Black "Kopal, Ivan"]
[Result "0-1"]
[WhiteElo "2010"]
[BlackElo "1890"]
[PlyCount "100"]
[EventDate "2000.01.??"]
[EventType "swiss"]
[EventRounds "9"]
[EventCountry "CZE"]
[SourceTitle "EXT 2002"]
[Source "ChessBase"]
[SourceDate "2001.11.25"]
[SourceVersion "1"]
[SourceVersionDate "2001.11.25"]
[SourceQuality "1"]

1. d4 Nf6 2. Nf3 g6 3. Bg5 Bg7 4. Nbd2 0-0 5. e4 d6 6. Be2 Nc6 7. c3 Bg4 8. Qc2 Qe8 9. h3 Bd7 10. Nc4 e5 11. d5 Ne7 12. 0-0 Bb5 13. Rfe1 Bxc4 14. Bxc4 Nd7 15. Qd2 f5 16. Bxe7 Qxe7 17. exf5 gxf5 18. Qg5 Qf6 19. Qh5 Qg6 20. Qxg6 hxg6 21. Ng5 Nc5 22. Rad1 Bf6 23. Nf3 Rfd8 24. Re2 a6 25. Rc2 Kf8 26. b4 Nd7 27. Bf1 Ke7 28. c4 c5 29. dxc6 bxc6 30. b5 axb5 31. cxb5 cxb5 32. Bxb5 Nc5 33. Nd2 Ra5 34. Bc6 d5 35. Nb3 Nxb3 36. axb3 e4 37. b4 Ra1 38. Rxa1 Bxa1 39. Rd2 Ke6 40. b5 Be5 41. Kf1 d4 42. Ra2 d3 43. Ke1 Bd4 44. Ra8 Rd6 45. Ra2 Ke5 46. g3 g5 47. Be8 Rh6 48. Ra6 Rxh3 49. Kd2 Rh2 50. Bd7 Rxf2+ 0-1

[Event "Frymburk op-A"]
[Site "Frymburk"]
[Date "2000.??.??"]
[Round "6"]
[White "Petrzelka, Karel"]
[Black "Kopal, Ivan"]
[Result "0-1"]
[WhiteElo "1960"]
[BlackElo "1890"]
[PlyCount "38"]
[EventDate "2000.01.??"]
[EventType "swiss"]
[EventRounds "9"]
[EventCountry "CZE"]
[SourceTitle "EXT 2002"]
[Source "ChessBase"]
[SourceDate "2001.11.25"]
[SourceVersion "1"]
[SourceVersionDate "2001.11.25"]
[SourceQuality "1"]

1. d4 Nf6 2. Nc3 d5 3. Bg5 Bf5 4. e3 Nbd7 5. Bd3 Bxd3 6. Qxd3 e6 7. Nf3 Be7 8. 0-0 0-0 9. Rfe1 c5 10. Rad1 Rc8 11. h3 a6 12. e4 cxd4 13. Nxd4 Nc5 14. Qe2 Nfxe4 15. Bxe7 Nxc3 16. Bxd8 Nxe2+ 17. Rxe2 Rfxd8 18. c3 Ne4 19. f3 Nd6 0-1